000 00387nam a22001577a 4500
003 MPLRDC
005 20220104123743.0
008 210129b ||||| |||| 00| 0 eng d
082 _a413.1 YXFY
100 _a医学翻译研究社编
245 _a医学新知
_c
260 _a
_b医学翻译研究社
_c
300 _b
650 _a医经; 中医理论
942 _cBK
_o413.1 YXFY
999 _c13931
_d13921